| 000 | 00820nam a2200253 i 4500 | ||
|---|---|---|---|
| 001 | 000038104 | ||
| 003 | DO-SdBNP | ||
| 005 | 20240216125944.0 | ||
| 007 | ta | ||
| 008 | 110427s1910 dr 000 0 spa d | ||
| 040 |
_aDO-SdBNP _bspa _cBNPHU _erda |
||
| 082 |
_222 _bG934i |
||
| 100 |
_aGuerrero Hijo, Wenceslao _eautor _984925 |
||
| 245 | 1 | 3 |
_aImportancia del ruido de galope del corazón derecho en el paludismo / _cWenceslao Guerrero Hijo |
| 264 |
_aSanto Domingo : _bImprenta Flor del Ozama, _c1910 |
||
| 300 |
_a73 paginas ; _c29 cm. |
||
| 336 |
_2rdacontent _atexto _btxt |
||
| 337 |
_2rdamedia _asin mediación _bn |
||
| 338 |
_2rdacarrier _avolumen _bnc |
||
| 500 | _aTesis para la licenciatura sustentada por Wenceslao Guerrero Hijo | ||
| 590 | _aInventariado, 2024/ DG | ||
| 910 | _aDG | ||
| 942 |
_2ddc _cLBS1 |
||
| 999 |
_c55715 _d55715 |
||